书目信息 |
| 题名: |
高校共青团工作实践探索
|
|
| 作者: | 王学峰 编著 | |
| 分册: | ||
| 出版信息: | 北京 光明日报出版社 2014 |
|
| 页数: | 226页 | |
| 开本: | 24cm | |
| 丛书名: | ||
| 单 册: | ||
| 中图分类: | D297.6 | |
| 科图分类: | ||
| 主题词: | ||
| 电子资源: | ||
| ISBN: | 978-7-5112-5081-0 | |
| 000 | 00909nam0 2200229 450 | |
| 001 | 338975 | |
| 005 | 20150604094958.07 | |
| 010 | @a978-7-5112-5081-0@dCNY45.00 | |
| 100 | @a20140304d2014 em y0chiy50 ea | |
| 101 | 0 | @achi |
| 102 | @aCN@b110000 | |
| 105 | @ay z 000yy | |
| 106 | @ar | |
| 200 | 1 | @a高校共青团工作实践探索@Agao xiao gong qing tuan gong zuo shi jian tan suo@f王学峰等编著 |
| 210 | @a北京@c光明日报出版社@d2014 | |
| 215 | @a226页@d24cm | |
| 330 | @a本书共有45篇案例, 内容涉及共青团思想引领、校园文化、社会实践、创业就业、社团活动和团的建设等多方面内容。案例主题突出, 实效性、针对性、操作性强, 系统总结了近年来河南科技大学共青团工作的成功经验, 展示了河南科技大学各学院共青团工作的特色。 | |
| 601 | 02 | @a中国共产主义青年团@x高等学校@x共青团工作@x案例 |
| 690 | @aD297.6@v5 | |
| 701 | 0 | @a王学峰@Awang xue feng@f(1973)@4编著 |
| 801 | 0 | @aCN@b卓展宏图@c20150525 |
| 905 | @dD297.6@e35@f4 | |
| 高校共青团工作实践探索/王学峰等编著.-北京:光明日报出版社,2014 |
| 226页;24cm |
| ISBN 978-7-5112-5081-0:CNY45.00 |
| 本书共有45篇案例, 内容涉及共青团思想引领、校园文化、社会实践、创业就业、社团活动和团的建设等多方面内容。案例主题突出, 实效性、针对性、操作性强, 系统总结了近年来河南科技大学共青团工作的成功经验, 展示了河南科技大学各学院共青团工作的特色。 |
| ● |
| 相关链接 |
|
|
|
|
正题名:高校共青团工作实践探索
索取号:D297.6/35
 
预约/预借
| 序号 | 登录号 | 条形码 | 馆藏地/架位号 | 状态 | 备注 |
| 1 | 858757 | 208587572 | 第一样本阅览室/ [索取号:D297.6/35] | 在馆 | |
| 2 | 858758 | 208587581 | 第一借阅区/ [索取号:D297.6/35] | 在馆 | |
| 3 | 858759 | 208587590 | 第一借阅区/ [索取号:D297.6/35] | 在馆 | |
| 4 | 858760 | 208587607 | 第一借阅区/ [索取号:D297.6/35] | 在馆 |